000 00458nam a2200181Ia 4500
003 OSt
005 20260105101718.0
008 210210b xxu||||| |||| 00| 0 eng d
040 _cAL
041 _akan
082 _a859/1757
100 _aVENKATACHARYA (B)
_9156450
_dವೆಂಕಟಾಚಾರ್ಯ (ಬಿ)
245 _aShanti:
_bಶಾಂತಿ
260 _aBengaluru
_b-
690 _aKannada Fiction
_9156451
906 _a022478
942 _2ddc
_cBK
999 _c146881
_d146881